A review of published research on low frequency noise and its effects (Record no. 102887)

MARC details
000 -LEADER
fixed length control field 01027cam a2200253 4500
001 - CONTROL NUMBER
control field J12347
008 - FIXED-LENGTH DATA ELEMENTS--GENERAL INFORMATION
fixed length control field 030616n2003 000 0 eng u
035 ## - SYSTEM CONTROL NUMBER
System control number (Sirsi) u122594
041 ## - LANGUAGE CODE
Language code of text/sound track or separate title eng.
050 ## - LIBRARY OF CONGRESS CALL NUMBER
Classification number 614.78
-- 18
100 ## - MAIN ENTRY--PERSONAL NAME
Personal name Leventhall, Geoff
110 ## - MAIN ENTRY--CORPORATE NAME
Corporate name or jurisdiction name as entry element DEFRA
245 #2 - TITLE STATEMENT
Title A review of published research on low frequency noise and its effects
260 ## - PUBLICATION, DISTRIBUTION, ETC.
Place of publication, distribution, etc. London
Name of publisher, distributor, etc. DEFRA
Date of publication, distribution, etc. 2003
520 ## - SUMMARY, ETC.
Summary, etc. This report looks at the impact of low frequency noise on annoyance, sleep patterns, stress and other aspects of human behaviour. It is aimed at low-frequency noise-sufferers, health professionals, environmental action groups, local authorities and acousticians.
650 ## - SUBJECT ADDED ENTRY--TOPICAL TERM
Topical term or geographic name entry element NOISE
650 ## - SUBJECT ADDED ENTRY--TOPICAL TERM
Topical term or geographic name entry element NOISE POLLUTION
650 ## - SUBJECT ADDED ENTRY--TOPICAL TERM
Topical term or geographic name entry element NOISE NUISANCE
690 ## - LOCAL SUBJECT ADDED ENTRY--TOPICAL TERM (OCLC, RLIN)
Topical term or geographic name as entry element Environment
9 (RLIN) 6238
700 ## - ADDED ENTRY--PERSONAL NAME
Personal name Pelmear, Peter
700 ## - ADDED ENTRY--PERSONAL NAME
Personal name Benton, Stephen
856 ## - ELECTRONIC LOCATION AND ACCESS
Uniform Resource Identifier <a href="https://archive.defra.gov.uk/environment/quality/noise/research/lowfrequency/documents/lowfreqnoise.pdf">https://archive.defra.gov.uk/environment/quality/noise/research/lowfrequency/documents/lowfreqnoise.pdf</a>
Public note View the document on the DEFRA website.
942 ## - ADDED ENTRY ELEMENTS (KOHA)
Suppress in OPAC 0
Holdings
Withdrawn status Lost status Source of classification or shelving scheme Damaged status Not for loan Home library Current library Shelving location Date acquired Total Checkouts Full call number Barcode Date last seen Copy number Price effective from Koha item type
    Dewey Decimal Classification     Virtual Virtual Online 16/06/2003   ONLINE PUBLICATION 122594-1001 06/08/2019 1 06/08/2019 Book